The Legend Of Zelda: Majora's Mask's Bombers' Notebook - Statistics

General Stats
  • This quiz has been taken 21 times
  • The average score is 29 of 48
Answer Stats
Version Description Character % Correct
Original (Person living in the inn's restroom) Details are unknown. ???
100%
Remake A mysterious hand that resides in a toilet at the Stock Pot Inn. Its identity is unknown...and that's probably for the best. ???
100%
Original Strange youth seen near Laundry Pool Kafei
100%
Remake A mysterious boy who lurks around the Laundry Pool. He's actually an adult who's engaged to the lovely Anju. Kafei
100%
Original Stock Pot Inn's innkeeperA courteous woman Anju
94%
Remake The only daughter of the Stock Pot Inn's caretakers. She's a little timid but very sweet and polite. Anju
94%
Original Secret Society of JusticeHelping people 24 hours a day Bombers
94%
Remake The owner of the Lottery Shop in West Clock Town. You can't see his face for some reason... Lottery Shop
94%
Original manager of Romani RanchMilk is her specialty Cremia
88%
Remake The owner of Romani Ranch. She takes great pride in the premium milk her cows produce. Cremia
88%
Original buys and sells stolen goods. Open at night only. Man From Curiosity Shop
88%
Remake A shady guy who sells stolen goods. His Curiosity Shop is only open at night. Man From Curiosity Shop
88%
Original Young girl living at ranch with sister Romani
81%
Remake An adorable yet quirky little girl from Romani Ranch. She lives there with her sister, Cremia. Romani
81%
Original leader of a traveling troupeHas fine clothes, but a frightful face Gorman
75%
Remake Leader of a traveling troupe of performers. A stubborn man with a snarly face and flashy clothes. Gorman
75%
Original Horse trainers. Suspicious... Gorman Brothers
75%
Remake Suspicious-looking brothers who train horses and run the Gorman Track. Gorman Brothers
75%
Original Musician in the Gorman Troupe Guru Guru
63%
Remake The official musician for Gorman's traveling troupe. He's so talented, he can even compose songs right on the spot! Guru-Guru
63%
Original ghost of a charismatic dancer. Enjoys moonlight. Kamaro
63%
Remake The ghost of a celebrated dancer. Unable to rest in peace, he dances wistfully in the pale moonlight. Kamaro
63%
Original town's postal carrierA very serious public servant Postman
63%
Remake Clock Town's mail-deliverer extraordinaire. He's serious about his job and is always punctual, come rain or shine. Postman
63%
Original Storyteller and grandmother at inn Anju's Grandmother
56%
Remake The old lady from the Stock Pot Inn. She's full of anecdotes. If you can stay awake, she'll read you all kinds of fascinating books. Anju's Grandmother
56%
Remake The owners of a shop in East Clock Town with games that change daily. They're lovey-dovey even during business hours... It's hard to watch. Honey And Darling
56%
Remake The mayor of Clock Town. It's his job to keep this place running smoothly. He's the most influential person in town. Mayor Dotour
50%
Original Mayor of Clock Town. V.I.P. Mr. Dotour
50%
Original Famed manager of The Indigo-Go's Toto
50%
Remake Manager of the famous Zora band, The Indigo-Go's. Toto
50%
Remake The mayor's wife, and one of the most influential people in town. She's in charge of the carnival and the post office. Madam Aroma
44%
Original the Mayor's WifeIn charge of town performances Madame Aroma
44%
Remake The Bomb Shop owner's mother. She's in charge of keeping the place well stocked. The shop is open all day every day. Old Lady From Bomb Shop
44%
Original Runs town Bomb Shop. Always open. Old Lady From The Bomb Shop
44%
Original twin dancersMembers of the Gorman Troupe Rosa Sisters
44%
Remake Twin dancers who perform with Gorman's traveling troupe. Rosa Sisters
44%
Remake The young lady from the Treasure Chest Shop in East Clock Town. The prize seems to change based on what you look like...? Treasure Chest Shop Gal
44%
Original Cucco Shack's breederHis crest is frightful. Grog
38%
Remake Chicken handler for the Cucco Shack. His appearance may be intimidating, but he's a real softie who adores his little yellow wards. Grog
38%
Remake The woman from the Doggy Racetrack. She's always a little condescending. Mamamu Yan
38%
Remake Soldiers who loyally obey their captain's orders. They guard Ikana Graveyard. Stalchild
38%
Remake Deku Scrubs who reside in a hole in North Clock Town. They run the Deku Scrub Playground. Business Scrub
25%
Remake A fisherman at Great Bay Coast. Once the ocean is back to normal, his place will open for business. Fisherman
25%
Original the inconspicuous soldierHe really doesn't stand out Shiro
25%
Remake The man from the Swamp Shooting Gallery. He's a little hard to understand... Swamp Shooting Gallery Guy
25%
Remake The man from the Town Shooting Gallery in East Clock Town. He's proud of his shop's stylish ocean decor. Town Shooting Gallery Guy
25%
Remake Zoras who hang out at Zora Cape. They amuse themselves by efficiently breaking pots. Zora
25%
No matching quizzes found
Score Distribution
Percent of People with Each Score
Percentile by Number Answered
Your Score History
You have not taken this quiz